| 000 | 00933nam a22002655a 4500 | ||
|---|---|---|---|
| 005 | 20201128021302.0 | ||
| 008 | 150610s2012 ii a frb 001 0 eng d | ||
| 020 | _a9781259025594 | ||
| 020 | _a1259025594 | ||
| 040 |
_aEG-ScBUE _beng _dEG-ScBUE |
||
| 082 | 0 | 4 |
_a660.2815 _bMAR _222 |
| 100 | 1 |
_aMarlin, Thomas E. _938441 |
|
| 245 | 1 | 0 |
_aProcess control : _bdesigning processes and control systems for dynamic performance / _cThomas E. Marlin. |
| 250 | _a2nd ed., International ed. | ||
| 260 |
_aNew Delhi : _bTata Mcgraw Hill Education Private Limited, _c2012. |
||
| 300 |
_axxxiii, 1017 p. : _bill ; _c26 cm. |
||
| 500 | _aIndex : p. 1003-1017. | ||
| 504 | _aIncludes bibliographical references. | ||
| 650 | 7 |
_2BUEsh _9734 _aSystem analysis. |
|
| 650 | 7 |
_9733 _aSystem design. _2BUEsh |
|
| 651 | _2BUEsh | ||
| 653 |
_bENGCHE _cJune2015 _cSeptember2015 _cOctober2015 |
||
| 655 |
_vReading book _934232 |
||
| 942 |
_2ddc _k660.2815 MAR |
||
| 999 |
_c19572 _d19544 |
||